| 000 | 00617nam a22001817a 4500 | ||
|---|---|---|---|
| 005 | 20170920121417.0 | ||
| 010 | _a1718EN-30 | ||
| 020 |
_a9789351508724 _c695.00 |
||
| 037 |
_bTBI _adpl |
||
| 100 | _aMubarki, Meraj Ahmed | ||
| 245 |
_aFilming horror : _cby Meraj Ahmed Mubarki _bHindi cinema, ghosts and ideologies / |
||
| 260 |
_aNew Delhi _bSAGE Publications _c2016 |
||
| 270 |
_aB1/I-1 Mohan Cooperative Industrial Area, Mathura Road _bNew Delhi _e110044 |
||
| 300 |
_axvi,196p. _c23cm(Hb) |
||
| 500 | _aIncludes bibliographical references and index. | ||
| 942 |
_2ddc _cEN _mMUB |
||
| 999 |
_c145058 _d145058 |
||